000 01904nam a2200313Ia 4500
999 _c54336
_d54336
001 21392
003 GE_BSU
005 20211104165747.0
008 181216s2016||||ge |||||||||||||| ||geo||
020 _a9789941097737
040 _cGE_BSU
041 _ageo
080 _a902.3 კ-73
245 _aკონსერვაცია არქეოლოგიაში :
_bარქეოლოგიური ძეგლების კონსერვაციისა და რესტავრაციის თეორიული და პრაქტიკული სახელმძღვანელო /
_cჟ. ადამი, მ. ბაილი, მ. ბერდუკუ და სხვ. ; კოორდინატორი ბერდუკუ, მარი. ფრანგ. თარგმნა ნინო კიტოვანმა. რედ. ვ. შატბერაშვილი, თ. ქართველიშვილი.
264 _aთბილისი :
_bმასონი,
_c2016.
300 _a639გვ. :
_bილ. ;
_c27 სმ.
504 _aბიბლიოგრაფია გვ. : 607-639
541 _h35 ლ.
653 _aარქეოლოგია
653 _aკონსერვაცია არქეოლოგიაში
653 _aძეგლების კონსერვაცია
700 _aადამი, ჟ.
_eავტორი
_912832
700 _aბაილი, მ.
_eავტორი
_912833
700 _aბერდუკუ, მ.
_eავტორი
_912834
700 _aკიტოვანი, ნინო
_eმთარგმნელი
_912835
700 _aშატბერაშვილი, ვ.
_eრედაქტორი
_912836
700 _aქართველიშვილი, თ.
_eრედაქტორი
_912837
942 _cBK
_2udc